Дела об утверждениях ректором Дерптского университета профессора И.Ф. Эверса на 1818-1830 академические годы

Доступно только в Электронных читальных залах Найти на картеНа карте
RUSMARC
00004220nmc2a2200000 x 450
001768b24c4-f61b-403a-bc86-127688e4ed55
00520170113170219.0
100##$a20140507l18181818k l0rusy0189 ca
1010#$arus
102##$aRU
2001#$aДела об утверждениях ректором Дерптского университета профессора И.Ф. Эверса на 1818-1830 академические годы
$j28 мая - 27 июля 1818 г.
251##$cДело
300##$aДело
300##$aОриг. заголовок дела: Дело по представлению попечителя Дерптского учебного округа об утверждении профессора Эверса ректором университета. 28 мая 1818 г. - 27 июля 1818 г
801#0$aRU
$bРГИА
$c20140507
$gRCR
801#1$aRU
$bГлавНИВЦ
$c20140507
$2rusmarc
801#2$aRU
$bПБ им. Б.Н. Ельцина
$c20170113
$gRCR
$2rusmarc
850##$aРГИА
852##$aРГИА
$eФедеральное казенное учреждение "Российский государственный исторический архив" (РГИА)
$j232
937##$hРГИА
$d11168406
$aASBIBLIO_SCAN
462#0$10015faafd89-1df2-4e8f-a0ba-1d8a620713c6
$12001
$aДела Департамента народного просвещения по Дерптскому учебному округу за 1802-1836 гг.
$1251
$cОпись
$1852
$j56
461#0$1001a74412a3-3cc5-4d21-8f0a-dfe2fbd9e72d
$12001
$aДепартамент народного просвещения Министерства народного просвещения (1803-1917)
$1251
$cФонд
$1852
$j733
215##$a155 л.
$d36,5x26 см
371##$aДокумент не является опубликованным и широко распространяемым
105##$ay###
1222#$ad
5171#$aДело по представлению попечителя Дерптского учебного округа об утверждении профессора Эверса ректором университета. 28 мая 1818 г. - 27 июля 1818 г
035##$a768b24c4-f61b-403a-bc86-127688e4ed55
856##$uhttp://readingroom.main.prlib.ru/item.aspx?id_node=n94275590&mode=full
Формат отображения